[Event "FRA-chT U20"]
[Site "Lille"]
[Date "2013.12.07"]
[Round "2.7"]
[White "Guilbert, Alexandre"]
[Black "Harutyunyan, Safar"]
[Result "0-1"]
[WhiteElo "1009"]
[BlackElo "1465"]
[PlyCount "94"]
[EventDate "2013.12.07"]
[EventType "team-match"]
[EventRounds "5"]
[EventCountry "FRA"]
[SourceTitle "EXT 2015"]
[Source "ChessBase"]
[SourceDate "2014.11.20"]
[SourceVersion "1"]
[SourceVersionDate "2014.11.20"]
[SourceQuality "1"]

1. e4 c5 2. c4 e6 3. Nc3 Nc6 4. d3 Nge7 5. Bg5 h6 6. Bxe7 Bxe7 7. Be2 0-0 8. Qd2 Nd4 9. Nf3 Nxf3+ 10. Bxf3 d6 11. 0-0 Bg5 12. Qe2 a6 13. a4 Qf6 14. Nd1 Qd4 15. Ne3 Bf6 16. Rab1 Bd7 17. Nc2 Qe5 18. b3 d5 19. cxd5 exd5 20. exd5 Qxe2 21. Bxe2 Bf5 22. Ne3 Bh7 23. Rbc1 b6 24. Rfd1 Rfe8 25. Rc2 Bd4 26. Ng4 f5 27. Rc4 fxg4 28. b4 Rxe2 29. a5 Bxd3 30. Rxd4 cxd4 31. axb6 Rae8 32. h3 gxh3 33. gxh3 Re1+ 34. Rxe1 Rxe1+ 35. Kg2 Rb1 36. b7 Rxb4 37. b8Q+ Rxb8 38. d6 Kf7 39. d7 Ke6 40. d8Q Rxd8 41. f3 Be2 42. Kg3 d3 43. Kf2 d2 44. Kxe2 d1Q+ 45. Kf2 Rd2+ 46. Kg3 Qg1+ 47. Kh4 Qg5# 0-1

[Event "FRA-chT U20"]
[Site "Lille"]
[Date "2013.12.07"]
[Round "1.8"]
[White "Lubineau, Mathis"]
[Black "Guilbert, Alexandre"]
[Result "1-0"]
[WhiteElo "1009"]
[BlackElo "1009"]
[PlyCount "69"]
[EventDate "2013.12.07"]
[EventType "team-match"]
[EventRounds "5"]
[EventCountry "FRA"]
[SourceTitle "EXT 2015"]
[Source "ChessBase"]
[SourceDate "2014.11.20"]
[SourceVersion "1"]
[SourceVersionDate "2014.11.20"]
[SourceQuality "1"]

1. e4 e5 2. d4 Nc6 3. dxe5 Nxe5 4. Nf3 Nxf3+ 5. Qxf3 Nf6 6. Bc4 Be7 7. 0-0 0-0 8. Nc3 b6 9. Bg5 Bb7 10. Rad1 Qc8 11. Qd3 Rd8 12. e5 Ng4 13. Bxe7 Nxe5 14. Qe2 Nxc4 15. Qxc4 Ba6 16. Nb5 Re8 17. Rfe1 c6 18. Qd4 c5 19. Qa4 Qc6 20. Qxa6 Qc8 21. Qxc8 Rexc8 22. Rxd7 a6 23. Red1 h6 24. Rd8+ Kh7 25. Rxc8 Rxc8 26. Rd8 Rc7 27. Nxc7 b5 28. Bxc5 a5 29. Rd7 b4 30. Rxf7 Kh8 31. Bd4 Kh7 32. Rxg7+ Kh8 33. Ne6 b3 34. Nf4 bxc2 35. Ng6# 1-0